Statistics for Largest Exporting Countries

Click here to take the quiz!

General Stats

  • This quiz has been taken 27 times
    (19 since last reset)
  • The average score is 13 of 14

Answer Stats

Answer% Correct
China
100%
France
100%
Germany
100%
Italy
100%
Japan
100%
Russia
100%
UK
100%
USA
100%
Netherlands
95%
South Korea
89%
Canada
84%
Mexico
79%
Switzerland
68%
Singapore
37%

Score Distribution

Percentile by Number Answered

Percent of People with Each Score

Your Score History

You have not taken this quiz since the last reset